000 00735nam a2200289Ia 4500
005 20260324133953.0
008 008 260324s9999 xx 000 0 eng d
020 _a9781003076841
037 _aEBOOK
040 _aCRL
040 _beng
040 _cCRL
041 _2eng
041 _aeng
084 _qCRL
100 _aJohn Kiernan; Richard Horobin
_91195079
245 0 _aConn's Biological Stains
245 2 _bA Handbook of Dyes, Stains and Fluorochromes for Use in Biology and Medicine
260 _bTaylor and Francis
260 _c2002
365 _a
365 _b560
856 _uhttp://www.taylorfrancis.com/books/9781003076841
942 _cEBOOK
999 _c1794675
_d1794675